| 000 | 00587nam a2200217 a 4500 | ||
|---|---|---|---|
| 008 | |||
| 020 | _a0070333416 (pbk.) | ||
| 049 | _aMAIN | ||
| 090 | _aQH581.2KAR | ||
| 100 | 1 | _aKarp, Gerald. | |
| 245 | 1 | 0 |
_aCell biology / _cGerald Karp. |
| 260 |
_aNew York : _bMcGraw-Hill, _c1979. |
||
| 300 |
_axvi, 846 p. : _bill. ; _c25 cm. |
||
| 504 | _aIncludes bibliographical references. | ||
| 650 | 0 | _aCytology. | |
| 907 |
_a.b10014494 _b10-10-06 _c17-04-03 |
||
| 003 | |||
| 005 | 20230123133529.0 | ||
| 040 | _cNUST | ||
| 942 |
_cBOOKS _kQH581.2KAR |
||
| 999 |
_c150191 _d150191 |
||